000 01108nam a2200253Ia 4500
999 _c3907
_d3907
003 OSt
005 20200625165544.0
008 191128s2017 ck ao fr 000 0dspa d
040 _aCO-JMCR
_cCO-JMCR
041 0 _aspa
082 0 4 _a334.86102 /
_bP153p
_223
100 1 _aPalacio Tamayo, Oscar Iván,
_eautor
_96215
245 1 3 _aLa pensión :
_bmás que un derecho /
_cOscar Iván Palacio Tamayo
250 _a2a. Edición
260 _aMedellín :
_bFundación Defensa Ciudadana,
_c2017
300 _a87 páginas :
_bilustraciones y fotografías a blanco y negro ;
_c23 cm.
490 0 _aPropuestas para la equidad social
500 _aIncluye datos biográficos del autor en solapa.
505 0 _aTema pensional -- Colombia respeta la dignidad de los adultos mayores -- Generación, formalización y mejoramiento de la calidad del empleo -- Economía para la prosperidad -- Educación -- Fuerza pública y seguridad
650 1 4 _aPensiones
_xlegislación
_zColombia
_96216
650 1 4 _aSeguridad social
_zColombia
_96217
650 1 4 _aJubilación
_xlegislación
_zColombia
_96218
942 _2ddc
_cBK